000 01227nam a22002777a 4500
001 BD-DhSAU 9297
003 BD-DhSAU
005 20181209161623.0
008 150612b15 bg a||||r|||| 000 0 eng d
040 _aBD-DhSAU
082 _222
_a630.715
_bK5279
100 _aKhatun, Asma
_eRegistration No. #14-06342
245 _aComparative Effectiveness of famaly development approach and group based approach of Dipshika activities /
_bMS thesis
_cby Khatun, Asma
260 _aSher-e- Bangla Agricultural University :
_bDepartment of Agricultural Extension and Information System,
_c2015.
300 _axiii, 96 p. :
_bill. ,
_c30 cm.
500 _aMS thesis of Department of Agricultural Extension and Information System, Faculty of Agriculture, Sher-e-Bangla Agricultural University, Dhaka, Bangladesh
504 _aIncludes biblio.Reference
590 _aShofi
650 _aAgricultural Extension and Information System
650 _aFamily Development
650 _aDipshika activities
700 _aAli, Md. Sekender
_eSupervisor
700 _aMajumder, Mohammed Shofiullah
_eCo-Supervisor
856 _uhttp://archive.saulibrary.edu.bd:8080/xmlui/handle/123456789/835
_yOnline Access
942 _2ddc
_cTHESIS
999 _c13964
_d13963